000 00913cab a2200241 4500
001 WB3114-42
008 090401t1995 xxu||||| |||| 00| 0 eng d
035 _a(Sirsi) u46319
041 _aeng
245 _aAdverse possession
260 _c1995
350 _a0
490 _aEstates Gazette Case Summaries
_v(1995) EGCS 51 (1/4/95)
520 _a"Lodge v Wakefield MDC" CA 21 March 1995. L, a council tenant of land since 1969 with no written tenancy agreement and no rent paid since 1974. L claimed that M`s title was extinguished in 1986 by L`s adverse possession. Application for a declaration dismissed. L appealed. Appeal allowed.
650 _aADVERSE POSSESSION
650 _aLIMITATION ACT 1980
650 _aLODGE V WAKEFIELD METROPOLITAN DC
650 _aPOSSESSORY TITLE
650 _aRIGHT TO OCCUPATION
690 _aLANDLORD AND TENANT-CASE LAW
942 _n0
948 _c04/03/1997
999 _c29305
_d29305